Central Library OPAC University of Rajshahi

Bengal act III of 1885. (Record no. 51430)

MARC details
000 -LEADER
fixed length control field 00847cam a22002412 4500
001 - CONTROL NUMBER
control field 51430
003 - CONTROL NUMBER IDENTIFIER
rucl marc code BD-RjUL
005 - DATE AND TIME OF LATEST TRANSACTION
control field 20211209075646.0
008 - FIXED-LENGTH DATA ELEMENTS--GENERAL INFORMATION
fixed length control field 160831s1933 ii 000 0 eng
035 ## - SYSTEM CONTROL NUMBER
System control number (BD-RjUL)51550
040 ## - CATALOGING SOURCE
Original cataloging agency DLC
Transcribing agency CarP
Modifying agency DLC
Language of cataloging eng
041 ## - LANGUAGE CODE
Language code of text/sound track or separate title eng
082 ## - DEWEY DECIMAL CLASSIFICATION NUMBER
Edition number 23
Classification number 320.8
Author mark and year BEN 1933
110 1# - MAIN ENTRY--CORPORATE NAME
Corporate name or jurisdiction name as entry element Bengal.
Form subheading Laws, statutes, etc. [from old catalog]
9 (RLIN) 153842
245 00 - TITLE STATEMENT
Title Bengal act III of 1885.
Remainder of title The Bengal local self-government act of 1885, as modified up to the 1st September, 1933 /
260 ## - PUBLICATION, DISTRIBUTION, ETC. (IMPRINT)
Place of publication, distribution, etc. Calcutta :
Name of publisher, distributor, etc. Bengal secretariat book depot,
Date of publication, distribution, etc. 1933.
300 ## - PHYSICAL DESCRIPTION
Pagination 133 p. :
Illustrations ill. ;
Size 25 cm.
650 #0 - SUBJECT ADDED ENTRY--TOPICAL TERM
Topical term or geographic name as entry element Local government
9 (RLIN) 153843
710 1# - ADDED ENTRY--CORPORATE NAME
Corporate name or jurisdiction name as entry element Bengal.
Subordinate unit Legislative Department [from old catalog]
9 (RLIN) 153844
942 ## - ADDED ENTRY ELEMENTS (KOHA)
Source of classification or shelving scheme Dewey Decimal Classification
Koha item type Books
Holdings
Lost status Source of classification or shelving scheme Damaged status Not for loan Collection code Permanent Location Current Location Shelving location Date acquired Source of acquisition Total Checkouts Full call number Date last seen Copy number Koha item type Cost, normal purchase price
  Dewey Decimal Classification     Non-fiction Central Library, University of Rajshahi Central Library, University of Rajshahi   02/03/1986 RUCL   320.8 BEN 1933 31/08/2016 C-2 Books  
  Dewey Decimal Classification   Not For Loan Non-fiction Central Library, University of Rajshahi Central Library, University of Rajshahi Reading Room 24/08/1985 RUL   320.8 BEN 1933 29/12/2016 C-1 Books 0.00